000 00645nam a22002057a 4500
003 OSt
005 20230914144613.0
008 221006b |||||||| |||| 00| 0 eng d
040 _cBiblioteca Lado V
082 _a708
_bG643h
100 _91017
_aGonzález, Nury
_eautor
245 _aHistoria de Cenizas/
260 _aChile
_bMinisterio de Educación
_c1999
300 _c27x22cm
_a27p.
366 _espa
650 _2Tesauro de Arte & Arquitectura
_aARTE
_9703
650 _2Tesauro de Arte & Arquitectura
_aEXHIBICION
_9702
650 _2Tesauro de Arte & Arquitectura
_aFIGURA
_9702
942 _2ddc
_c1
_h708
_iG643h
_n0
999 _c4326
_d4326